00424nam a2200169Ia 4500003000400000005001700004008004100021020001800062040000700080041000800087082001900095100002300114245004700137260004000184300001700224365001300241OSt20230426142805.0210423s2010 xx 000 0 und d a9788130909608 cAL aeng a820.8 NAIB223 aNAIR (Vasudeavan). aBear with me mother: memories and stories. aNew DelhibViva Books Pvt Ltdc2010 aviii,342bPB b295cINR